Qui a dit ? Rap Francophone#5 - Statistiques

Statistiques générales
  • Ce quiz a été pris 49 fois
  • Le résultat moyen est 2 sur 20
Statistiques - réponses
Paroles Artistes % Correct
"Pour combattre l'empire, il m'faut R2-D2 France rime avec chance, j'crois en aucun des deux" Booba
71%
"Elle veut Louis, Gucci, oh oui, stop tes manigances, rien ne sert d'y penser (Ah bon ?) T'es taillée comme un diamant, j'ai de quoi dépenser (Ah)" Niska
47%
"Temps en temps, j'te mentais, j'te disais qu'tu m'manquais, j'ai pas fini d'chanter, à tout moment, j'peux sauter" Heuss L'enfoiré
16%
"Pull-up le Audi Sport noir mat, j'transpire pas, jamais les mains moites Il m'faut juste une crosse adéquate, j'te jure qu'tu seras moins sûr de oi-t" Kaaris
13%
"Elle veut qu'j'lui montre des preuves de trucs qu’existent pas (Des preuves) Mais quand j'fais des efforts, bizarrement ça s'voit pas (Toh, toh, toh, toh)" Kerchak
13%
"J'suis cramé dans l'périmètre, y a six-cent chevaux dans la berline Vingt, vingt, vingt-deux pouces de diamètre, on commence boulot et on l'termine" Maes
11%
"C'est que la cité, on a les six coups, p'tit con, tu l'sais, pas besoin d'D.A Deux quarante six, voie d'gauche, coup d'phares, j'éclate le flash, gros, on roule en D.A" Werenoi
11%
Pull up dans l'store, je prends tout c'que je veux, je dis "Haut les mains" Elle, elle pourrait tout donner pour des talles J9ueve
8%
La vie, j'veux la manier, l'argent d'la bonne manière J'livre le teu-teu jusqu'à Asnières, quand on joue, on veut juste gagner 1PLIKE140
5%
Mes—, mes idées, elles sont tordues comme la tour de Pise, viens, bro—, brolique, on voit si tu pèses (Grah) La Drill FR, on est v'nu pour la cassé (Mouah), à—, à la concu', j'fais la bise La Hasba22
5%
"Lucifer auprès du seigneur, a dû rapporter Que je suis dans l’incertitude, je suis dans l’incertitudе et J’ai plus d’argent, je mе fais vieux et je vois un frère tituber" Prince Waly
5%
"Mais tu sais, faut qu'j'garde cette lumière, c'est la seule Les souvenirs, les photos, tout va s'effacer J'sais qu'tout va disparaître, elle sera finie l'histoire On m'a dit "Canalise-toi" mais j'tourne le soir avec mon shit et ma peine" 34murphy
3%
"Tu sais c'est normal, moi j'allais pas t'offrir un Longchamp Nan, le futur est noir, bébé on en a plus pour longtemps" Green Montana
3%
"On t'a retrouvé tout au fond d'la France, on fait du rap noir, eux, ils font d'la danse (let's gui) Y a du rhum pas très dur à boire, Johnny rec' ça donc y a pas d'latence" Ratu$
3%
"J’ai l'pétard la Rolex et j’donne pas l’heure au traîtres J’continue d'bosser et bientôt j’connais la retraite" Djadja & Dinaz
0%
J'ai le vécu de ton grand, de ton putain de soi-disant grand La vie de rue bombarde à 2000, mec" F430
0%
Sous Clicquot dans l’BMW blanc ice, 99 j’avance avec le beam bleu J’try hard en face ils prient Dieu, suppress dans l’i8, t’entends que les pneus Irko
0%
"Six sièges dans la caisse, ça va grave vite, six semaines que j'ai pas touché ma bite J'viens d'péter un stick, chargeur grande cap', à c'qu'il paraît, toi tu drill, viens si t'es cap" Jeune Morty
0%
"Toi, on t'évite, on te chôme (Oui), t'es mi'-mi' mais tu fais la folle Hier, on rentrait chez toi comme des ninjas d'Konoha, hier, j'avais la dalle, j'étais détér' comme Walter White" Soolking
0%
"J'fais le tour du monde Dans l'fond de ma tête mais j'béton dans le blizzard Mais j'ai la ce-for pour me relever ooh oh oh" TheFrenchKris
0%
Aucun quiz correspondant
Distribution des résultats
% des personnes avec chaque résultat
Percentile par nombre de réponses
Votre historique - résultats
Vous n’avez pas pris ce quiz